Porovnávacie metódy hodnotenia MSP a možnosti ich využitia pri manažérskom rozhodovaní

Aplikácia porovnávacích metód ohodnotenia podnikov využívaných v zahraničí, ktoré patria medzi metódy s najvyššou vypovedacou schopnosťou, na slovenské podmienky. Analýza porovnávacích metód ohodnotenia podniku a ich následná aplikácia na konkrétny subjekt pôsobiaci v podmienkach Slovenskej republik...

ver descrição completa

Na minha lista:
Detalhes bibliográficos
Autor principal: Kardoš, Peter
Outros Autores: Jakubec, Miroslav
Formato: Capítulo de Livro
Idioma:eslovaco
Assuntos:
Tags: Adicionar Tag
Sem tags, seja o primeiro a adicionar uma tag!

MARC

LEADER 00000nla$a2200000$$$4500
001 0109461
005 20240502072217.4
041 0 |a slo 
044 |a SK 
245 1 0 |a Porovnávacie metódy hodnotenia MSP a možnosti ich využitia pri manažérskom rozhodovaní  |c Peter Kardoš, Miroslav Jakubec 
520 |a Aplikácia porovnávacích metód ohodnotenia podnikov využívaných v zahraničí, ktoré patria medzi metódy s najvyššou vypovedacou schopnosťou, na slovenské podmienky. Analýza porovnávacích metód ohodnotenia podniku a ich následná aplikácia na konkrétny subjekt pôsobiaci v podmienkach Slovenskej republiky dokázala, že túto metódu je možné použiť, kedže vypočítané výsledky korešpondujú s hodnotou podniku stanovenou inou metódou, založenou na výnosovom princípe. Ako najvhodnejšie násobitele (porovnávacie ukazovatele) sa javia Hodnota podniku / Pridaná hodnota a Hodnota podniku / EBITDA, ktoré sú v teoretickej oblasti síce menej rozpracované, ale v praxi najčastejšie využívané. V prípade dostatku porovnateľných transakcií môžu túto metódu znalci bez problémov využívať. Keďže databázy s porovnateľnými transakciami v súčasnosti v SR nie sú k dispozícii, metóda je využiteľná hlavne znaleckými organizáciami, ktoré spracúvajú väčšie množstvo posudkov a majú interné databázy transakcií. 
610 2 0 |a podnik malý 
610 2 0 |a podnik stredný 
610 2 0 |a hodnota podniku 
610 2 0 |a ohodnocovanie podniku 
610 2 0 |a metódy 
610 2 0 |a ukazovatele pomerové 
610 2 0 |a rozhodovanie manažérske 
610 2 0 |a Slovensko 
100 1 |a Kardoš, Peter 
700 1 |a Jakubec, Miroslav